Cấp thoát nước
Tài liệu trình bày về nhu cầu dùng nước và nguồn nước, công trình thu nước, thiết bị và công trình phổ biến trong hệ thống cấp nước ...
Na minha lista:
| Autor principal: | |
|---|---|
| Formato: | Livro |
| Idioma: | Undetermined |
| Publicado em: |
Hà Nội
Xây dựng
2005
|
| Assuntos: | |
| Tags: |
Adicionar Tag
Sem tags, seja o primeiro a adicionar uma tag!
|
| Thư viện lưu trữ: | Trung tâm Học liệu Trường Đại học Cần Thơ |
|---|
| LEADER | 00931nam a2200229Ia 4500 | ||
|---|---|---|---|
| 001 | CTU_152163 | ||
| 008 | 210402s9999 xx 000 0 und d | ||
| 020 | |c 38000 | ||
| 082 | |a 628.144 | ||
| 082 | |b Th455 | ||
| 100 | |a Nguyễn, Thống | ||
| 245 | 0 | |a Cấp thoát nước | |
| 245 | 0 | |c Nguyễn Thống | |
| 260 | |a Hà Nội | ||
| 260 | |b Xây dựng | ||
| 260 | |c 2005 | ||
| 520 | |a Tài liệu trình bày về nhu cầu dùng nước và nguồn nước, công trình thu nước, thiết bị và công trình phổ biến trong hệ thống cấp nước ... | ||
| 526 | |a Mạng lưới cấp thoát nước,Thiết kế mạng lưới thoát nước đô thị và công nghiệp | ||
| 526 | |b CN661,MT693 | ||
| 650 | |a Water-supply engineering | ||
| 904 | |i Giang | ||
| 980 | |a Trung tâm Học liệu Trường Đại học Cần Thơ | ||